Normal view
MARC view
Entry Topical Term
001 - CONTROL NUMBER
- control field: 95
003 - CONTROL NUMBER IDENTIFIER
- control field: ARRUPE
005 - DATE AND TIME OF LATEST TRANSACTION
- control field: 20130912133705.0
008 - FIXED-LENGTH DATA ELEMENTS
- fixed length control field: 130912|| aca||aabn | a|a d
040 ## - CATALOGING SOURCE
- Original cataloging agency: ARRUPE
- Transcribing agency: ARRUPE
150 ## - HEADING--TOPICAL TERM
- Topical term or geographic name as entry element: Democracy
- General subdivision: History.
670 ## - SOURCE DATA FOUND
- Source citation: Work cat.: (ARRUPE)0: Fukuyama, Francis. 91, The origins of political order :, 2012